Hunter quatermain`s story (Record no. 40881)

MARC details
000 -LEADER
fixed length control field 00398nam a2200169Ia 4500
020 ## - INTERNATIONAL STANDARD BOOK NUMBER
ISBN 605-4081-98-1
050 ## - CALL MARK
Classification number PZ 7 .H34 H86/
100 ## - STATEMENT OF RESPONSIBILITY--MAIN AUTHOR NAME
Personal name Haggard, Henry Rider
245 #0 - TITLE STATEMENT
Title Hunter quatermain`s story
260 ## - PUBLICATION, DISTRIBUTION, ETC. (IMPRINT)
Place of publication Istanbul
260 ## - PUBLICATION, DISTRIBUTION, ETC. (IMPRINT)
Name of publisher TEG Publishing
300 ## - PHYSICAL DESCRIPTION
Number of Pages 34 p
650 ## - SUBJECT ADDED ENTRY--TOPICAL TERM
Topical Term Istanbul
942 ## - ADDED ENTRY ELEMENTS (KOHA)
Koha item type Books
Holdings
Withdrawn status Lost status Damaged status Not for loan Permanent Location Current Location Shelving location Date acquired Accession Number Price effective from Koha item type
        NILE UNIVERSITY OF NIGERIA - MAIN LIBRARY NILE UNIVERSITY OF NIGERIA - MAIN LIBRARY Items on shelf 06/03/2025 0006669 06/03/2025 Books
        NILE UNIVERSITY OF NIGERIA - MAIN LIBRARY NILE UNIVERSITY OF NIGERIA - MAIN LIBRARY Items on shelf 06/03/2025 0006670 06/03/2025 Books